Statistiques concernant Géographie méditerranéenne sur une carte

Cliquez ici pour prendre le quiz!

Statistiques générales

  • Ce quiz a été pris 6,312 fois
  • Le résultat moyen est 20 sur 35

Statistiques - réponses

Group Answer % Correct
îlesCorse
95%
îlesChypre
93%
îlesSicile
91%
îlesSardaigne
90%
villesTunis
89%
villesBarcelone
88%
rivièresLe Nil
87%
rivièresLe Rhône
86%
villesAthènes
86%
territoiresGibraltar
84%
villesNaples
79%
villesVenise
76%
villesAlexandrie
75%
mersAdriatique
71%
îlesCrète
69%
villesTripoli
67%
mersÉgée
66%
côtesCôte d'Azur
64%
mersdes Baléares
59%
villesTel Aviv
53%
îlesIbiza
53%
territoiresBande de Gaza
53%
îlesMajorque
52%
rivièresLe Pô
50%
territoiresCeuta
41%
îlesMinorque
39%
îlesRhodes
33%
territoiresMelilla
30%
côtesCosta Brava
26%
mersIonienne
23%
mersTyrrhénienne
21%
côtesCosta del Sol
18%
côtesRiviera {ligure}
17%
côtesDalmate
16%
îlesKrk
7%

Distribution des résultats

Percentile par nombre de réponses

% des personnes avec chaque résultat

Votre développement - résultats

Vous n’avez pas pris ce quiz